Responses for Show #633 - Wednesday, May 13, 1987

1987 Senior Tournament quarterfinal game 3.

Contestants

[<< previous game]

Joe McKenna, a retired professor of economics from St. Louis, Missouri

Madeline Hayes, a practical nurse from Los Angeles, California

Bill Ward, a resort manager from Kailua, Hawaii

[next game >>]

Jeopardy! Round responses

SEA LIFE
GEOGRAPHICAL SONGS
THE FUNNIES
SPORTS
AMY VANDERBILT SAYS
ACTORS & ROLES
    $100 16
on his back

Joe
    $100 11
Buffalo

Bill
    $100 4
Dagwood

Joe
    $100 1
cricket

Bill
    $100 26
(Alex: Phrasing?)
[The end of the round signals.]

at the left

Joe
    $100 8
Rodney Dangerfield

Bill
    $200 17
sea turtles

Triple Stumper
    $200 12
Alabama

Joe
    $200 5
vulture

Joe
    $200 2
ice hockey

Triple Stumper
    $200 9
William Powell

Joe
    $300 18
eel

Joe
    $300 13
Rockies

Bill
    $300 6
(Bill: Who is Sandy?)
(Alex: Be a little more specific.)
(Bill: Sandy the dog?)

Sandy & Orphan Annie

BillJoe
    $300 3
football

Joe
    $300 23
(Bill: Who is Elsa Lancaster?)
...
(Alex: We have a minute to go.)

Elsa Lanchester

BillJoe
    $400 19
starfish

Joe
    $400 14
"Tennessee Waltz"

Bill
    $400 7
Dennis the Menace

Madeline
    $400 21
(Bill: What is a fine?)

ejected from the game

Bill
Triple Stumper
    $1,000 24
[Joe shakes his head.]
(Alex: Haven't been to the movies lately?)
(Joe: Not lately.)

Ruthless People & Down and Out in Beverly Hills

Joe
    $500 20
coral

Bill
    $500 15
"Moonlight in Vermont"

Joe
    $500 10
Nancy

Triple Stumper
    $500 22
(Joe: Who is Joe Louis?)

(George) Foreman

MadelineJoe
    $500 25
Cato

Triple Stumper

Scores at the first commercial break (after clue 12):

Bill Madeline Joe
$0 $400 $1,300

Scores at the end of the Jeopardy! Round:

Bill Madeline Joe
$500 $900 $1,500

Double Jeopardy! Round responses

MATHEMATICS
RADIO DRAMA
HISTORY
CORPORATE AMERICA
AFRICA
POTPOURRI
    $200 7
compass

Bill
    $200 2
Dragnet

Bill
    $200 10
Ferdinand & Isabella

Joe
    $200 19
McDonald's

Bill
    $200 26
desert

Madeline
    $200 1
2

Joe
    $400 12
17

Bill
    $400 3
The Lone Ranger

Joe
    $400 11
Antarctica

Joe
    $400 20
Bank of America

Joe
    $400 27
Mt. Kilimanjaro

Joe
    $400 8
lemon

Bill
    $600 15
interest

Madeline
    $600 4
(Bill: What is Jack Armstrong?)

I Love a Mystery

BillJoe
    $750 16
Civil War & French & Indian War

Madeline
    $600 23
Post-It

Bill
    $1,000 28
[The end-of-round signal sounds.]

Captain Spaulding

Joe
    $600 9
camera

Madeline
    $800 21
Euclid

Joe
    $800 5
Mr. Keen

Bill
    $800 17
King Wenceslas

Bill
    $800 24
Kmart

Triple Stumper
    $800 13
dogs

Bill
    $1000 22
algebra

Joe
    $1000 6
Ma Perkins

Joe
    $1000 18
(Madeline: What is the 17th century?)
(Joe: What is the 16th century?)
...
(Alex: Queen Elizabeth the Queen Mother was queen.)

20th century

MadelineJoe
Triple Stumper
    $1000 25
(Alex: We've got a minute to go.)

(J.P.) Morgan

Madeline
    $1000 14
[Laughter]

none of the above

Joe

Scores at the end of the Double Jeopardy! Round:

Bill Madeline Joe
$4,300 $3,050 $7,900

Final Jeopardy! Round responses

BUSINESS & INDUSTRY
MadelineWhat is the tobacco business?
$1,000
BillWhat is the tobacco industry?
$2,000
JoeWhat is the tobacco industry
$800
tobacco industry

Final scores:

Bill Madeline Joe
$6,300 $4,050 $8,700
2nd place: $5,000 if eliminated 3rd place: $5,000 if eliminated Automatic semifinalist

Game dynamics:

Coryat scores:

Bill Madeline Joe
$4,300 $2,900 $8,500
15 R,
4 W
7 R
(including 1 DD),
1 W
24 R
(including 1 DD),
3 W
(including 1 DD)

Combined Coryat: $15,700

[game clues] [game scores] [suggest correction]

Game tape date: 1987-02-10
The J! Archive is created by fans, for fans. Scraping, republication, monetization, and malicious use prohibited; this site may use cookies and collect identifying information. See terms. The Jeopardy! game show and all elements thereof, including but not limited to copyright and trademark thereto, are the property of Jeopardy Productions, Inc. and are protected under law. This website is not affiliated with, sponsored by, or operated by Jeopardy Productions, Inc. Join the discussion at JBoard.tv.